000 00626nam a2200181Ia 4500
008 151018s9999 xx 000 0 und d
082 _bRBASDV29442
_a891.463
100 _aपद्मा कुलकर्णी
245 _aअंधातरी बाहुली
250 _b1
260 _bपुष्प प्रकाशन पुणे
_c1997
300 _a259
600 _aपद्मा कुलकर्णी
630 _aअंधातरी बाहुली
700 _aपद्मा कुलकर्णी
730 _aअंधातरी बाहुली
942 _cBOOK
999 _c1028988
_d1028985